| 000 | nam a22 a 4500 | ||
|---|---|---|---|
| 999 |
_c3515 _d3515 |
||
| 005 | 20170523101930.0 | ||
| 008 | 170523b1994 - ||||| |||| 00| 0 eng d | ||
| 020 | _a1560522550 | ||
| 040 | _aAKMAL | ||
| 082 | _a658.45 COR | ||
| 090 |
_a658.45 _bCOR |
||
| 245 |
_aCOMMUNICATING WITH EMPLOYEES _cFRANK M. CORRADO |
||
| 260 |
_aUNITED STATES OF AMERICA _bCRISP PUBLICATIONS, INC. _c1994 |
||
| 300 |
_a87pg,; _c20 cm |
||
| 650 |
_aCOMMUNICATION _9486 |
||
| 942 |
_2ddc _cBOOK |
||